000 00733nam a2200229 a 4500
001 14166
003 BD-JhCC
005 20250205121713.0
008 250204b1993 waua|||| ||a| 001 0 eng d
020 _a 1556155514
035 _a(BD-JhCC)14166
040 _aBD-JhCC
_dBD-JhCC
041 _aEnglish
082 _a005.133
_bMAG 1993
100 _aMaguire,Steve
245 _aWriting solid code :
_bMicrosoft's techniques for developing bug-free C programs /
_cSteve Maguire.
260 _aWashington:
_bMicrosoft Press;
_c1993.
300 _axxix, 256 p. :
_bill;
_c24 cm.
651 _aC (Computer program language)
_vC (Langage de programmation)
_xC (programmeertaal)
_z Computer programming
942 _2ddc
_cBK
999 _c14166
_d14166